[Event "World Corporate East A"]
[Site "Chess.com INT"]
[Date "2021.02.19"]
[Round "2.9"]
[White "Veldhuizen, Dirk"]
[Black "Meyer, Henri"]
[Result "0-1"]
[WhiteElo "1918"]
[BlackElo "2043"]
[PlyCount "84"]
[EventDate "2021.02.19"]
[EventType "team (rapid)"]
[EventRounds "7"]
[EventCountry "USA"]
[SourceTitle "EXT 2022"]
[Source "ChessBase"]
[SourceDate "2021.10.06"]
[SourceVersion "1"]
[SourceVersionDate "2021.10.06"]
[SourceQuality "1"]
[WhiteTeam "PGGM"]
[BlackTeam "European Investment Bank"]
[WhiteTeamCountry "NED"]
[BlackTeamCountry "GER"]

1. c4 d6 2. Nc3 e5 3. g3 Nf6 4. Bg2 c6 5. e4 a5 6. d3 Be7 7. Nge2 0-0 8. 0-0 Bg4 9. h3 Bh5 10. g4 Bg6 11. f4 exf4 12. Nxf4 Nfd7 13. Be3 Nc5 14. b3 Nbd7 15. Qd2 Ne6 16. Nxg6 hxg6 17. Rf2 Bh4 18. Rf3 Ng5 19. Rff1 Ne6 20. Ne2 Bg5 21. Rf2 Bh4 22. Rff1 Bg5 23. Nf4 Nxf4 24. Bxf4 Bxf4 25. Qxf4 Qb6+ 26. Kh1 Qd4 27. Rad1 Ne5 28. Qd2 c5 29. Rf4 a4 30. Bf1 axb3 31. axb3 Ra3 32. Qc2 Rfa8 33. Rd2 Ra1 34. Kg2 Re1 35. Rff2 Raa1 36. Qb2 Qe3 37. Qc2 g5 38. Rde2 Qd4 39. Rd2 Ng6 40. Kg3 Nh4 41. Rde2 Qe5+ 42. Rf4 Qxf4# 0-1

[Event "Maastricht Limburg op-A 4th"]
[Site "Maastricht"]
[Date "2010.05.22"]
[Round "2"]
[White "Rendboe, John Filip"]
[Black "Meyer, Henri"]
[Result "1-0"]
[WhiteElo "2274"]
[BlackElo "1978"]
[PlyCount "63"]
[EventDate "2010.05.21"]
[EventType "swiss"]
[EventRounds "7"]
[EventCountry "NED"]
[SourceTitle "CBM 136 Extra"]
[Source "ChessBase"]
[SourceDate "2010.07.02"]
[SourceVersion "2"]
[SourceVersionDate "2010.07.15"]
[SourceQuality "1"]

1. d4 d6 2. e4 Nf6 3. Nc3 g6 4. Nf3 c6 5. Be2 Qc7 6. 0-0 Nbd7 7. Bg5 Bg7 8. Qd2 b5 9. a3 a6 10. Rfe1 e5 11. Rad1 Bb7 12. h3 0-0 13. Nh2 exd4 14. Qxd4 d5 15. exd5 Nxd5 16. Qd2 N7b6 17. Nxd5 Nxd5 18. c4 bxc4 19. Bxc4 h6 20. Bxh6 Rad8 21. Bxg7 Kxg7 22. Bxd5 cxd5 23. Qd4+ f6 24. Ng4 Rd6 25. Qf4 g5 26. Qd4 Qd7 27. Ne3 Kf7 28. Qd3 Rh8 29. Qd4 Re8 30. Ng4 Rxe1+ 31. Rxe1 Qf5 32. Nh6+ 1-0

[Event "FRA-ch Veterans"]
[Site "Belfort"]
[Date "2010.??.??"]
[Round "9"]
[White "Violeau, Jean Luc"]
[Black "Meyer, Henri"]
[Result "1/2-1/2"]
[WhiteElo "1937"]
[BlackElo "1849"]
[PlyCount "44"]
[EventDate "2010.08.10"]
[EventType "swiss"]
[EventRounds "11"]
[EventCountry "FRA"]
[SourceTitle "CBM 138 Extra"]
[Source "ChessBase"]
[SourceDate "2010.10.29"]
[SourceVersion "1"]
[SourceVersionDate "2010.10.29"]
[SourceQuality "1"]

1. Nf3 Nf6 2. c4 c5 3. Nc3 d6 4. g3 g6 5. Bg2 Bg7 6. 0-0 0-0 7. d4 Na6 8. Bf4 Bd7 9. d5 Nc7 10. Qd2 b5 11. cxb5 Nxb5 12. Rac1 Nxc3 13. bxc3 Qa5 14. c4 Qxd2 15. Nxd2 Rfb8 16. Rb1 Nh5 17. Rxb8+ Rxb8 18. Rb1 Rxb1+ 19. Nxb1 Nxf4 20. gxf4 Bf5 21. Nd2 Bc2 22. Be4 Bc3 1/2-1/2